1474 1733 1278 1153 1199 1118 1521 1658 1004 1187 1176 1952 1034 1953 1391 1971 1550 1401 1247 1691 1621 1113 1849 1034 1473 1524 1879 1169 1904 1968 1753 1159 1642 1131 1115 1335 1631 1878 1221 1333 1133 1344 1333 1925 1636 1531 1831 1692 1250 1362 1644 1101 1146 1754 1891 1061 1944 1036 1919 1512 1854 1944 1733 1157 1458 1348 1216 1376 1429 1730 1216 1344 1196 1436 1342 1671 1992 1882 1249 1707 1559 1809 1505 1137 1314 1254 1659 1691 1980 1972 1074 1519 1256 1789 1439 1213 1551 1773 1206 BCNSPRNW ULIB Ver.6.0+V

เปลี่ยนเป็นภาษาไทย

Change to English
 แสดงรายละเอียดบรรณานุกรม
  กลับหน้าหลัก

Brief Record : Get Marc (ISO 2709) : E-mail record : QR code < ปิดหน้าต่าง
LEADER : 00000nam 2200000uu 4500
001    13399123057
003     ULIB
008    131216s2552||||th 000 0 tha d
099    ^aวจBF150
100    ^aปริทรรศน์ วันจันทร์ และสุดกัญญา ปานเจริญ
245    ^aความสามารถในการคิดอย่างมีวิจารณญาณของนักศึกษาพยาบาล วิทยาลัยพยาบาลบรมราชชนนีสวรรค์ประชารักษ์ นครสวรรค์ /^bโดย ปริทรรศน์ วันจันทร์ และสุดกัญญา ปานเจริญ
260    ^aนครสวรรค์ :^bวิทยาลัยพยาบาลบรมราชชนนี นครสวรรค์ ,^c2552
300    ^a71 หน้า :^b30 ซม.
650    ^aรายงานการวิจัย--ความสามารถในการคิดอย่างมีวิจารณญาณ
700    ^aสุดกัญญา ปานเจริญ
945    ^p0^l0^i034255
945    ^p0^l0^i034256
945    ^p0^l0^i034257
945    ^p0^l0^i034258
999    ^aเกษร โพธิ์สุวรรณ
รายการนี้ยังไม่มีแท็ก
คุณยังไม่ได้ล็อกอิน คุณสามารถมีกิจกรรมร่วมกับเว็บไซต์ได้ แต่ต้องล็อกอินก่อน ::
  ล็อกอิน

รายการสื่อสารสนเทศ

ลำดับที่ ประเภท เลขเรียก/บาร์โค้ด สถานที่ สถานะ
1. งานวิจัย
งานวิจัย
วจBF150  
  Barcode: 034255
ห้องสมุดวิทยาเขตสวรรค์ประชารักษ์
►วิจัย
บนชั้น
2. งานวิจัย
งานวิจัย
วจBF150 ฉ.2 
  Barcode: 034256
ห้องสมุดวิทยาเขตสวรรค์ประชารักษ์
►วิจัย
บนชั้น
3. งานวิจัย
งานวิจัย
วจBF150 ฉ.3 
  Barcode: 034257
ห้องสมุดวิทยาเขตสวรรค์ประชารักษ์
►วิจัย
บนชั้น
4. งานวิจัย
งานวิจัย
วจBF150 ฉ.4 
  Barcode: 034258
ห้องสมุดวิทยาเขตสวรรค์ประชารักษ์
►วิจัย
บนชั้น

รายการใกล้เคียง
    หัวเรื่อง [รายงานการวิจัย--ความสามารถในการคิดอย่างมีวิจารณญาณ]

BibComment


ยังไม่เคยถูกคอมเมนท์

คอมเมนท์ทรัพยากรรายการนี้
  คอมเมนท์: ความสามารถในการค..


 Copyright 2026. Bcnsprnw @Library